Movies Quiz

Random Movies Quiz

Courteney Cox Movies? Quiz Stats

 Plays Quiz not verified by Sporcle

Challenge
Share
Tweet
Embed
Score 0/25 Timer 08:00
0 Plays Today
can you guess courteney cox movies? Movies % Correct
Gale WeathersScream
89%
Gale WeathersScream 2
84.6%
Gale WeathersScream 3
84.1%
Daisy the Cow (voice)Barnyard
41.2%
WendyBedtime stories
37.9%
Cybil Waingrow3000 Miles to Graceland
25.3%
Marsha HollowayZoom
24.7%
Rachel LuceCommandments
20.9%
Lisa RobertsBlue Desert
19.2%
Samantha CrumbThe Shrink Is In
18.7%
Julie WinstonMasters of the Universe
18.7%
Sophie JacobsNovember
17%
TarahDown Twisted
17%
can you guess courteney cox movies? Movies % Correct
Jewel JaggerMr. Destiny
16.5%
Lily CharlesGet Well Soon
15.9%
GwenCuriosity Kills
14.3%
Nora BundyI'll Be Home for Christmas
14.3%
KarinaThe Runner
13.7%
Sara Cocoon: The Return
13.7%
Carrie DavenportThe Opposite Sex and How to Live with Them
12.6%
Hana WyshockiIf It's Tuesday, It Still Must Be Belgium
10.4%
AliceAlien Love Triangle
9.9%
KatherineBattling for Baby
9.9%
KathleenShaking the Tree
9.9%
CynthiaThe Tripper
9.3%

You're not logged in!

Compare scores with friends on all Sporcle quizzes.
Join for Free
OR
Log In

You Might Also Like...

Show Comments

Extras

Created Dec 20, 2009ReportNominate
Tags:courteney, cox, nothing

Top Quizzes Today


Score Distribution

Your Account Isn't Verified!

In order to create a playlist on Sporcle, you need to verify the email address you used during registration. Go to your Sporcle Settings to finish the process.

Report this User

Report this user for behavior that violates our Community Guidelines.

Details: